Statistiques concernant 150 séries cultes

Cliquez ici pour prendre le quiz!

Statistiques générales

  • Ce quiz a été pris 559 fois
    (395 depuis la dernière actualisation)
  • Le résultat moyen est 30 sur 150

Statistiques - réponses

NuméroRéponse% Correct
51Friends
75%
1Breaking Bad
73%
40Stranger Things
73%
30La Casa De Papel
69%
45The Walking Dead
64%
52Game Of Thrones
62%
63Grey's Anatomy
62%
21Prison Break
57%
9Gossip Girl
51%
2The Big Bang Theory
50%
29The 100
49%
3Desperate Housewives
47%
56Malcolm
46%
106NCIS
45%
18Vampire Diaries
45%
150Riverdale
43%
6How I Met Your Mother
42%
49Peaky Blinders
42%
31Squid Game
42%
145Pretty Little Liars
40%
15Charmed
39%
130Lucifer
38%
126Ma Famille D'abord
38%
10Orange Is The New Black
38%
70Dr House
37%
22Lost
37%
12Vikings
37%
105
The Crown
35%
121Teen Wolf
34%
64Black Mirror
33%
16Buffy Contre Les Vampires
33%
32Mercredi
33%
34Narcos
33%
137Plus Belle La Vie
33%
46The Office
33%
5Dexter
32%
89Sherlock
31%
98Les Experts
29%
148Lupin
29%
118Mentalist
29%
96La Petite Maison Dans La Prairie
27%
17Gilmore Girls
26%
24Doctor Who
25%
120Les Frères Scott
25%
72Murder
24%
62Urgences
24%
112Les Feux De L'amour
23%
117Modern Family
23%
19X-Files
23%
8Brooklyn Nine-Nine
22%
144Glee
22%
59American Horror Story
21%
58Umbrella Academy
21%
97Dallas
20%
81Dark
20%
35House Of Cards
20%
50Les Soprano
20%
20Smallville
20%
131Bones
19%
132Esprits Criminels
19%
100Kaamelott
19%
124Le Prince De Bel Air
19%
143Once Upon A Time
19%
133Outlander
19%
61Sex And The City
19%
38Supernatural
19%
53Une Nounou D'enfer
19%
7Scrubs
18%
23Star Trek
18%
39Ghost Whisperer
17%
129Monk
17%
54Better Call Saul
16%
83MacGyver
16%
98Alerte A Malibu
15%
93Beverly Hills
15%
69Columbo
15%
103Downton Abbey
15%
123Hercule Poirot
15%
66The Boys
15%
80Homeland
14%
33Sense8
14%
43The Good Place
14%
67True Detective
14%
108Amour, Gloire Et Beauté
13%
122Madame Est Servie
13%
11Sons Of Anarchy
13%
138Un Gars Une Fille
13%
119Dawson
12%
79New Girl
12%
28Orphan Black
12%
55The Middle
12%
27Veronica Mars
12%
41Young Sheldon
12%
84L'agence Tous Risques
11%
94Magnum
11%
87Skins
11%
4Walker Texas Ranger
11%
42Cold Case
10%
149La Fête A La Maison
10%
91Ma Sorcière Bien-Aimée
10%
8524 Heures Chrono
9%
26Alias
9%
114Ally McBeal
9%
82Westworld
9%
78Gotham
8%
115Heroes
8%
92Starsky Et Hutch
8%
90K2000
7%
138Sous Le Soleil
7%
86Stargate SG-1
7%
76Bates Motel
6%
14Californication
6%
147Caméra Café
6%
25Community
6%
44Izombie
6%
109New York, Police Judiciaire
6%
36Person Of Interest
6%
13Six Feet Under
6%
104Un Dos Tres
6%
125Alf
5%
140Amicalement Votre
5%
102Arabesque
5%
88Arnold Et Willy
5%
75Chapeau Melon Et Bottes De Cuir
5%
135Drôles De Dames
5%
47Drop Dead Diva
5%
107Le Caméléon
5%
141Lie To Me
5%
74Misfits
5%
71That '70s Show
5%
1462 Broke Girls
4%
127Cosby Show
4%
128Deux Flics A Miami
4%
111La Croisière S'amuse
4%
95Nip Tuck
4%
65Only Murders In The Building
4%
113Roswell
4%
136Happy Days
3%
134Les Envahisseurs
3%
101Xena La Guerrière
3%
60Battlestar Galactica
2%
110Benny Hill
2%
77Cougar Town
2%
142FBI Portés Disparus
2%
116Highlander
2%
73Inspecteur Derrick
2%
68La Quatrième Dimension
2%
48Superstore
2%
37Unforgettable
2%
57Unbreakable Kimmy Schmidt
1%

Distribution des résultats

Percentile par nombre de réponses

% des personnes avec chaque résultat

Votre développement - résultats

Vous n’avez pas pris ce quiz depuis la dernière actualisation